期刊信息 |
| 索取号 |
D9/FTNW
|
| 题名 |
法庭内外
|
| 作者 |
法庭内外杂志社
|
| 分册号 |
|
| 分册名 |
|
| 出版地 |
北京
|
| 出版者 |
法庭内外杂志社
|
| 标准刊号 |
1005-0116
|
| 出版频率 |
|
| 中图法分类 |
D9
|
| 主题词 |
法律
|
| 电子资源 | |
| |
|
| 000 | 00553nas0 2200205 45 | |
| 001 | 0552754062 | |
| 005 | 20071126110834.81 | |
| 010 | @d4.90 | |
| 011 | @a1005-0116@dCNY4.90(2005) | |
| 091 | @aCN11-1055 | |
| 092 | @b82-893 | |
| 100 | @a20051129d km y0chiy0120 ea | |
| 101 | 0 | @achi |
| 200 | 1 | @a法庭内外@AFa Ting Nei Wai@f法庭内外杂志社@FFa Ting Nei Wai Za Zhi She |
| 210 | @a北京@c法庭内外杂志社 | |
| 606 | 0 | @a法律 |
| 690 | @aD9@v4 | |
| 701 | 0 | @a法庭内外杂志社@AFa Ting Nei Wai Za Zhi She |
| 801 | 0 | @aCN@bPFT@c20071126 |
| 905 | @aTJWY@dD9@eFTNW | |
| 法庭内外/法庭内外杂志社.-北京:法庭内外杂志社 |
| 4.90 ISSN 1005-0116:CNY4.90(2005) |
| ● |
| 相关链接: |
|
|
|
|